000 00695nam a2200193 a 4500
001 000041825
005 20201002035757.0
008 131018s1993 fr 000 0 spa d
020 _a2831701384
040 _aDO-SdBNP
_bspa
_cBNPHU
082 _axxx
245 0 0 _aDirectrices sobre conservación de plantas medicinales.
260 _aGland, Suiza :
_bGland : IUCN ; Ginebra : OMS ; Gland : WWF,
_c1993.
300 _a55 p. ;
_c30 cm.
500 _aIncluye referencias bibliograficas y notas al pie de las paginas
710 1 2 _aWorld Health Organization
_968700
710 1 2 _aInternational Union for Conservation of Nature and Natural Resources
_968701
710 1 2 _aWorld Wildlife Fund
_968702
999 _c41314
_d41314